Turbulence in fluid flows : a dynamical systems approach
Αποθηκεύτηκε σε:
| Άλλοι συγγραφείς: | , , |
|---|---|
| Μορφή: | Βιβλίο |
| Γλώσσα: | English |
| Δημοσίευση: |
New York :
Springer-Verlag,
c1993
|
| Σειρά: | IMA volumes in mathematics and its applications ;
; 55 |
| Θέματα: | |
| Ετικέτες: |
Προσθήκη ετικέτας
Δεν υπάρχουν, Καταχωρήστε ετικέτα πρώτοι!
|
MARC
| LEADER | 00000nam a2200000 i 4500 | ||
|---|---|---|---|
| 001 | 1/76665 | ||
| 008 | 990504s1993 eng d | ||
| 020 | |a 3-540-94113-4 (hbk.) | ||
| 020 | |a 0-387-94113-4 | ||
| 035 | |l 10049667 | ||
| 040 | |a GR-MY-UA |b gre |e aacr | ||
| 041 | 0 | |a eng | |
| 082 | 0 | |a 532.052701515352 |2 (22) | |
| 245 | 1 | 0 | |a Turbulence in fluid flows : |b a dynamical systems approach / |c George R. Sell, Ciprian Foias, Roger Teman, editors |
| 260 | |a New York : |b Springer-Verlag, |c c1993 | ||
| 300 | |a 197 σ.; |b εικ.; |c 25 εκ. | ||
| 490 | 1 | |a IMA volumes in mathematics and its applications |v ; 55 | |
| 500 | |a Περιλαμβάνει βιβλιογραφικές παραπομπές | ||
| 650 | 0 | 0 | |a Turbulence |x Congresses. |
| 650 | 0 | 0 | |a Navier-Stokes equations |x Congresses. |
| 700 | 1 | |a Sell, George R. |d 1937- |4 edt | |
| 700 | 1 | |a Foias, Ciprian. |4 edt | |
| 700 | 1 | |a Temam, Roger. |4 edt | |
| 830 | 0 | |a IMA volumes in mathematics and its applications ; |v ; 55 | |
| 852 | |a INST |b LESVOS |e 20071008 |h 532.052701515352 TUR |p 005100039023 |q 005100039023 |t BK |y 0 | ||
| 852 | |a INST |b SAMOS |e 19990504 |h 532.052701515352 TUR |p 005300014741 |q 005300014741 |t BK |y 0 | ||
| 901 | |a BIBL-1999-2 | ||
| 901 | |a BIBL1-2007-3 | ||
| 909 | |a Σ |b 064646 | ||
| 909 | |a Λ |b 139655 | ||
| 922 | |a 3ΕΛΗ |b 199903 |c ΚΠΣ |d GLORY | ||
| 922 | |a 1ΕΛΗ |b 200709 |c ΕΠΕΑΕΚ2/ΤΕΘ |d ΠΑΠΑΣΩΤΗΡΙΟΥ | ||